00385nam a2200145Ia 450000500170000000800410001704000190005804100120007708200160008910000160010524500570012126000390017830000120021785000100022920230513103643.0131103s9999 xx 000 0 und d aLoreto College aEnglish a823.91bJOY aJoyce,James 2aA portrait of the artist as a young mancJames Joyce aHarmoundsworthbPenguin Bookc1967 a255 p.  aLCLIB